Psalmi pro sóla, sbor a varhany (1970) : partitura /
| Main Author: | Slavický, Klement, 1910-1999 |
|---|---|
| Other Authors: | Mátl, Lubomír, 1941-2020 |
| Language: | Latin |
| Published: |
Praha : Supraphon, 1988 |
| Edition: | 1. vyd. |
| Physical Description: |
6, 78 s. |
| LEADER | 00874ncm a22002412a 4500 | ||
|---|---|---|---|
| 001 | 001195717 | ||
| 003 | CZ BrMZK | ||
| 005 | 20120328104737.0 | ||
| 007 | qu | ||
| 008 | 120220s1988 xr |||||||||||||||||lat d | ||
| 040 | |a BOA001 |b cze | ||
| 072 | 7 | |a 783 |x Církevní hudba. Duchovní hudba. Náboženská hudba |2 Konspekt |9 9 | |
| 100 | 1 | |a Slavický, Klement, |d 1910-1999 |7 jk01111814 |4 cmp | |
| 245 | 1 | 0 | |a Psalmi pro sóla, sbor a varhany |h [hudebnina] : |b (1970) : partitura / |c Klement Slavický ; předmluva Lubomír Mátl |
| 246 | 3 | 4 | |a Psalmi per soli, coro ed organo |
| 250 | |a 1. vyd. | ||
| 260 | |a Praha : |b Supraphon, |c 1988 | ||
| 300 | |a 6, 78 s. | ||
| 700 | 1 | |a Mátl, Lubomír, |d 1941-2020 |7 jn19990209537 |4 wfw | |
| 910 | |a BOA001 |b Mus4-0938.989 | ||
| 990 | |a MU | ||
| 991 | |b 201202 | ||
| 996 | 6 | |b 2619053588 |c Mus4-0938.989 |l MZK |r Sklad / do 1 hodiny |n 2 |w 001229369 |u 000010 |a 1 |e BOA001 |j MZK50 |s P | |
English
Čeština 